| 000 | 00518nam a2200181Ia 4500 | ||
|---|---|---|---|
| 008 | 151018s9999 xx 000 0 und d | ||
| 082 |
_bRBASDV47115 _a891.433 |
||
| 100 | _aविभा कौल | ||
| 245 | _aऐसा भी होता है | ||
| 250 | _b1 | ||
| 260 |
_bकथा _c2007 |
||
| 300 | _a27 | ||
| 600 | _aविभा कौल | ||
| 630 | _aऐसा भी होता है | ||
| 700 | _aविभा कौल | ||
| 730 | _aऐसा भी होता है | ||
| 942 | _cBOOK | ||
| 999 |
_c1046263 _d1046260 |
||